| 000 | 00941nam a22002535a 4500 | ||
|---|---|---|---|
| 003 | OSt | ||
| 005 | 20170313141637.0 | ||
| 008 | 160922s2016 ua frb 000 0 ara d | ||
| 015 | _a2015 / 23220 | ||
| 020 | _z9789770479230 | ||
| 040 |
_aEG-ScBUE _bara _cEG-ScBUE _dEG-ScBUE |
||
| 043 | _af-ua--- | ||
| 082 | 0 | 4 |
_a343.6203 _bع ب ي _222 |
| 100 | 1 | _aعبيد، أسامة حسنين. | |
| 245 | 1 | 2 |
_aالسياسة الجنائية في الكسب غير المشروع : _bدراسة مقارنة / _cأسامة حسنين عبيد. |
| 260 |
_aالقاهرة : _bدار النهضه العربية، _c2016. |
||
| 300 |
_a155 ص. ؛ _c24 سم. |
||
| 504 | _aيشتمل على إرجاعات ببليوجرافية. | ||
| 650 | 7 |
_2BUEsh _aالكسب غير المشروع _xقوانين وتشريعات _zمصر. |
|
| 650 | 7 |
_2BUEsh _aجرائم الأموال _zمصر. |
|
| 651 | _2BUEsh | ||
| 653 |
_bLLAAWW _cMarch2017 |
||
| 942 | _2ddc | ||
| 999 |
_c24408 _d24380 |
||